| 000 | 00432nam a2200145Ia 4500 | ||
|---|---|---|---|
| 008 | 230917s9999||||xx |||||||||||||| ||und|| | ||
| 040 |
_e172314 _aMAIN |
||
| 041 | _aEnglish | ||
| 082 | _a891.431731 MR687S | ||
| 100 | _aमिश्र, रामप्रसाद | ||
| 245 | 0 | _aसेतु | |
| 260 |
_aदिल्ली _bप्रेम प्रकाशन मंदिर _c1980 |
||
| 300 | _a89 पृ. p. | ||
| 942 | _cHN | ||
| 999 |
_c211552 _d211552 |
||